Statistics for Countries With Most Official Languages

Click here to take the quiz!

General Stats

  • This quiz has been taken 1,301 times
    (1,294 since last reset)
  • The average score is 5 of 18

Answer Stats

#Country% Correct
11South Africa
86%
4Switzerland
62%
3Papua New Guinea
59%
3Belgium
47%
37Bolivia
43%
4Singapore
36%
3New Zealand
31%
3Luxembourg
28%
16Zimbabwe
28%
3Fiji
18%
3Rwanda
16%
3Ecuador
15%
3Burundi
13%
3Vanuatu
13%
8Norway
12%
3Equatorial Guinea
9%
3Seychelles
8%
3Comoros
7%

Score Distribution

Percentile by Number Answered

Percent of People with Each Score

Your Score History

You have not taken this quiz since the last reset